• 首页
  • 本馆介绍
  • 公告通知
  • 最新文献
  • 馆藏检索
  • 电子资源
  • 读者导购
  • 参考咨询
  • 我的图书馆
  • 登录
  • 详细信息显示
  • 放入我的书架
  • 预约/预借图书
  • 作者相关作品
  • 分类相关作品
  • 丛书相关作品
  • 出版社相关作品

书目信息

  • 表格格式
  • 工作单格式
  • 卡片格式
题名:
电视与儿童
    
 
作者: 张令振 著
分册:  
出版信息: 北京   人民教育出版社  1999
页数: 219页
开本: 21cm
丛书名:
单 册:
中图分类: G61 , G223 , G221
科图分类:
主题词: 影视艺术--影响--儿童教育--研究 , 儿童教育--影响因素--影视艺术--研究 , 广播事业 , 电视事业
电子资源:
ISBN: 7-107-12414-5
000 00709nam0 2200265 450
001 1536888882
005 20150126205545.53
010    @a7-107-12414-5@dCNY11.00
100    @a20021005d1999 em y0chiy0110 ea
101 0  @achi
102    @aCN@b110000
105    @ay z 000yy
200 1  @a电视与儿童@9dian shi yu er tong@f张令振著
210    @a北京@c人民教育出版社@d1999
215    @a219页@d21cm
606 0  @a影视艺术@x影响@x儿童教育@x研究
606 0  @a儿童教育@x影响因素@x影视艺术@x研究
606 0  @a广播事业
606 0  @a电视事业
690    @aG61@v5
690    @aG223@v5
690    @aG221@v4
701  0 @a张令振@9zhang ling zhen@4著
801  0 @aCN@bTSSF@c20150126
905    @aZUCC@dG221@eJY16
    
    电视与儿童/张令振著.-北京:人民教育出版社,1999
    219页;21cm
    
    
    ISBN 7-107-12414-5:CNY11.00
    
●
相关链接 在E读中查询图书 在五车中查询图书 在当当中查询图书 在豆瓣中查询图书


正题名:电视与儿童     索取号:G221/JY16         预约/预借

序号 登录号 条形码 馆藏地/架位号 状态 备注
1 7859663   278596636   学院路分馆/ [索取号:G221/JY16] 在馆    
2 7859821   278598215   学院路分馆/ [索取号:G221/JY16] 在馆    
唐山师范学院图书馆 欢迎您!
大连网信软件有限公司© 版权所有